Welcome to the Holygrace Academy Library

Please use search bar below to get started

BUTTERMILK (Record no. 3559)

MARC details
000 -LEADER
fixed length control field 00263nam a22001217a 4500
020 ## - INTERNATIONAL STANDARD BOOK NUMBER
ISBN 0-8431-1565-3
082 ## - DEWEY DECIMAL CLASSIFICATION NUMBER
Classification number 823
Item number COS/B
100 ## - MAIN ENTRY--AUTHOR NAME
Personal name COSGROVE, STEPHEN
245 ## - TITLE STATEMENT
Title BUTTERMILK
260 ## - PUBLICATION, DISTRIBUTION, ETC. (IMPRINT)
Place of publication USA
Name of publisher LOS ANGELS
650 ## - SUBJECT ADDED ENTRY--TOPICAL TERM
Topical Term ENGLISH SHORT STORY
Geographic subdivision USA
942 ## - ADDED ENTRY ELEMENTS (KOHA)
Koha item type Books
Holdings
Withdrawn status Lost status Collection code Home library Current library Shelving location Date acquired Source of acquisition Full call number Accession Number Koha item type
    Fiction Main Library Main Library SHELF 3- E- ENGLISH CHILDRENS LITERATURE &MYTHOLOGY 16/05/2005 PURCHASE 823 COS/B 00683 Books